[Event "Sharjah Masters-A 8th"]
[Site "Sharjah"]
[Date "2025.05.23"]
[Round "7"]
[White "Dai, Changren"]
[Black "Ivic, Velimir"]
[Result "0-1"]
[WhiteElo "2531"]
[BlackElo "2630"]
[PlyCount "82"]
[EventDate "2025.05.17"]
[EventType "swiss"]
[EventRounds "9"]
[EventCountry "UAE"]
[SourceTitle "CB22_2025"]
[SourceDate "2025.05.28"]
[SourceVersion "1"]
[SourceVersionDate "2025.05.28"]
[SourceQuality "1"]

1. d4 Nf6 2. c4 e6 3. Nc3 Bb4 4. e3 0-0 5. Bd3 Re8 6. Nge2 d5 7. 0-0 Bf8 8. a3 Nbd7 9. h3 c6 10. Nf4 dxc4 11. Bxc4 b5 12. Ba2 a5 13. Re1 Qe7 14. e4 e5 15. dxe5 Nxe5 16. Qc2 Ba6 17. Be3 g5 18. Nfe2 b4 19. Na4 Bd3 20. Qc1 Nxe4 21. Ng3 Nxg3 22. fxg3 Qd6 23. Bf2 Bg6 24. Qxg5 Nd3 25. Rxe8 Rxe8 26. Rd1 Re5 27. Qg4 Nxf2 28. Kxf2 Qf6+ 29. Kg1 bxa3 30. Rf1 Rf5 31. Rxf5 Qxf5 32. Qxf5 Bxf5 33. bxa3 Bc2 34. Nb2 Bxa3 35. Nc4 Bc5+ 36. Kf1 Bd3+ 37. Ke1 Be4 38. Ke2 Bd5 39. Kd3 a4 40. g4 Bxg2 41. Ne5 Bd5 0-1

[Event "Sharjah Masters-A 8th"]
[Site "Sharjah"]
[Date "2025.05.22"]
[Round "6"]
[White "Ivic, Velimir"]
[Black "Zemlyanskii, Ivan"]
[Result "1/2-1/2"]
[WhiteElo "2630"]
[BlackElo "2563"]
[PlyCount "61"]
[EventDate "2025.05.17"]
[EventType "swiss"]
[EventRounds "9"]
[EventCountry "UAE"]
[SourceTitle "CB22_2025"]
[SourceDate "2025.05.28"]
[SourceVersion "1"]
[SourceVersionDate "2025.05.28"]
[SourceQuality "1"]

1. e4 e5 2. Nf3 Nc6 3. Bc4 Nf6 4. d3 Be7 5. 0-0 0-0 6. Re1 d6 7. a4 Na5 8. Ba2 c5 9. c3 Nc6 10. Na3 h6 11. Bd2 a6 12. h3 Be6 13. Bxe6 fxe6 14. b4 cxb4 15. cxb4 Qe8 16. Nc4 b5 17. axb5 axb5 18. Rxa8 Qxa8 19. Na5 Rc8 20. Qb3 Nd8 21. Qb1 Nf7 22. d4 exd4 23. Nxd4 d5 24. exd5 Qxd5 25. Nab3 e5 26. Nf5 Bf8 27. Ne3 Qe6 28. Rc1 Rxc1+ 29. Nxc1 Nd6 30. Nd3 Nf5 31. Nxf5 1/2-1/2

[Event "Sharjah Masters-A 8th"]
[Site "Sharjah"]
[Date "2025.05.18"]
[Round "2"]
[White "Ivic, Velimir"]
[Black "Vetokhin, Savva"]
[Result "1/2-1/2"]
[WhiteElo "2630"]
[BlackElo "2558"]
[PlyCount "76"]
[EventDate "2025.05.17"]
[EventType "swiss"]
[EventRounds "9"]
[EventCountry "UAE"]
[SourceTitle "CB22_2025"]
[SourceDate "2025.05.28"]
[SourceVersion "1"]
[SourceVersionDate "2025.05.28"]
[SourceQuality "1"]

1. e4 e5 2. Nf3 Nc6 3. Bc4 Nf6 4. d3 Be7 5. 0-0 0-0 6. Re1 d6 7. a3 a5 8. h3 h6 9. Nc3 Be6 10. b3 Qd7 11. Bb5 Qc8 12. Bxc6 bxc6 13. d4 Nd7 14. Bb2 Bf6 15. Ne2 a4 16. b4 exd4 17. Bxd4 Ne5 18. Bxe5 dxe5 19. Nc1 Bc4 20. Nd3 Rd8 21. Qc1 Bxd3 22. cxd3 Rxd3 23. Re3 Rxe3 24. Qxe3 Qe6 25. Rd1 Be7 26. Rd3 c5 27. bxc5 c6 28. Qc1 Rb8 29. Qc2 Rb3 30. Nd2 Rxd3 31. Qxd3 Bxc5 32. Qc2 Bd4 33. Qxa4 Qa2 34. Qxc6 Bxf2+ 35. Kxf2 Qxd2+ 36. Kg1 Qe3+ 37. Kh2 Qxa3 38. Qe8+ Qf8 1/2-1/2

[Event "Karlsruhe Grenke op"]
[Site "Karlsruhe"]
[Date "2025.04.21"]
[Round "9"]
[White "Ivic, Velimir"]
[Black "Panjwani, Raja"]
[Result "1-0"]
[WhiteElo "2623"]
[BlackElo "2443"]
[PlyCount "57"]
[EventDate "2025.04.17"]
[EventType "swiss"]
[EventRounds "9"]
[EventCountry "GER"]
[SourceTitle "CB17_2025"]
[SourceDate "2025.04.23"]
[SourceVersion "1"]
[SourceVersionDate "2025.04.23"]
[SourceQuality "1"]

1. e4 c5 2. Nf3 Nc6 3. Bb5 e6 4. Bxc6 bxc6 5. d3 Qc7 6. Qe2 Ne7 7. e5 Ng6 8. b3 f6 9. Bb2 Be7 10. Nbd2 0-0 11. 0-0-0 fxe5 12. g3 Bf6 13. h4 d6 14. Ne4 Ne7 15. Nfg5 Nf5 16. Qh5 g6 17. Nxf6+ Rxf6 18. Qg4 Qg7 19. Ne4 Rf8 20. h5 gxh5 21. Qxh5 Bd7 22. Nxd6 Nxd6 23. Bxe5 Rf5 24. Bxg7 Rxh5 25. Rxh5 Kxg7 26. Rdh1 h6 27. Rxh6 Nf7 28. Rh7+ Kf6 29. Rxf7+ 1-0

[Event "Karlsruhe Grenke op"]
[Site "Karlsruhe"]
[Date "2025.04.19"]
[Round "4"]
[White "Ivic, Velimir"]
[Black "Schmider, Niklas"]
[Result "1/2-1/2"]
[WhiteElo "2623"]
[BlackElo "2406"]
[PlyCount "79"]
[EventDate "2025.04.17"]
[EventType "swiss"]
[EventRounds "9"]
[EventCountry "GER"]
[SourceTitle "CB17_2025"]
[SourceDate "2025.04.23"]
[SourceVersion "1"]
[SourceVersionDate "2025.04.23"]
[SourceQuality "1"]

1. e4 c5 2. Nf3 d6 3. Bb5+ Nd7 4. Ba4 Ngf6 5. 0-0 e6 6. d3 Be7 7. c4 0-0 8. Nc3 b6 9. Ne1 Bb7 10. f4 Nb8 11. Nf3 Nc6 12. Bxc6 Bxc6 13. b3 a6 14. Bb2 b5 15. Qe2 Qc7 16. Rae1 Nd7 17. g4 Rae8 18. Qg2 b4 19. Ne2 d5 20. cxd5 exd5 21. Ng3 Bb5 22. Nf5 dxe4 23. Rxe4 Bf6 24. g5 Bxb2 25. Qxb2 f6 26. Ne7+ Kh8 27. Qe2 Qd8 28. Re1 Ne5 29. Nxe5 fxe5 30. Rxe5 Rxf4 31. Ng6+ hxg6 32. Rxe8+ Qxe8 33. Qxe8+ Bxe8 34. Rxe8+ Kh7 35. Re3 Rg4+ 36. Rg3 Rf4 37. Kg2 Kg8 38. Rf3 Rg4+ 39. Rg3 Rf4 40. Rf3 1/2-1/2

[Event "Karlsruhe Grenke op"]
[Site "Karlsruhe"]
[Date "2025.04.18"]
[Round "2"]
[White "Ivic, Velimir"]
[Black "Wintzer, Joachim"]
[Result "1-0"]
[WhiteElo "2623"]
[BlackElo "2243"]
[PlyCount "71"]
[EventDate "2025.04.17"]
[EventType "swiss"]
[EventRounds "9"]
[EventCountry "GER"]
[SourceTitle "CB17_2025"]
[SourceDate "2025.04.23"]
[SourceVersion "1"]
[SourceVersionDate "2025.04.23"]
[SourceQuality "1"]

1. e4 c6 2. d4 d5 3. e5 Bf5 4. Nd2 e6 5. Nb3 Nd7 6. Nf3 Ne7 7. Be2 Bg4 8. h3 Bxf3 9. Bxf3 c5 10. c3 Nc6 11. 0-0 Be7 12. Be2 0-0 13. Be3 cxd4 14. cxd4 Rc8 15. Rc1 Qb6 16. a3 Na5 17. Nxa5 Qxa5 18. Qb3 Qb6 19. Qa4 Nb8 20. Rc2 Rc6 21. f4 Rxc2 22. Qxc2 f6 23. Bd3 f5 24. g4 g6 25. Kh1 Kh8 26. Rg1 Qd8 27. h4 Rf7 28. h5 Qf8 29. Qh2 Qh6 30. Be2 gxh5 31. gxf5 Rxf5 32. Bg4 Rf8 33. Qh3 Qg6 34. Bxe6 Qe4+ 35. Qg2 Nc6 36. Bxd5 1-0

[Event "Reykjavik op"]
[Site "Reykjavik"]
[Date "2025.04.15"]
[Round "9"]
[White "Hjartarson, Johann"]
[Black "Ivic, Velimir"]
[Result "0-1"]
[WhiteElo "2461"]
[BlackElo "2623"]
[PlyCount "58"]
[EventDate "2025.04.09"]
[EventType "swiss"]
[EventRounds "9"]
[EventCountry "ISL"]
[SourceTitle "CB17_2025"]
[SourceDate "2025.04.23"]
[SourceVersion "1"]
[SourceVersionDate "2025.04.23"]
[SourceQuality "1"]

1. d4 Nf6 2. c4 e6 3. Nf3 d5 4. Nc3 c6 5. Bg5 h6 6. Bxf6 Qxf6 7. Qb3 Qe7 8. e3 g6 9. Be2 Bg7 10. 0-0 0-0 11. Rad1 Nd7 12. a3 a6 13. e4 dxc4 14. Qxc4 c5 15. d5 b5 16. Qd3 Rd8 17. dxe6 Qxe6 18. Nd5 Rb8 19. e5 Bb7 20. Nf4 Qe8 21. e6 Nf8 22. exf7+ Qxf7 23. Qe3 Re8 24. Qd2 c4 25. h4 Re4 26. Nh3 Rbe8 27. Rde1 Qf6 28. Bd1 Qxb2 29. Rxe4 Bxe4 0-1

[Event "Reykjavik op"]
[Site "Reykjavik"]
[Date "2025.04.12"]
[Round "5"]
[White "Royal, Shreyas"]
[Black "Ivic, Velimir"]
[Result "1/2-1/2"]
[WhiteElo "2465"]
[BlackElo "2623"]
[PlyCount "142"]
[EventDate "2025.04.09"]
[EventType "swiss"]
[EventRounds "9"]
[EventCountry "ISL"]
[SourceTitle "CB17_2025"]
[SourceDate "2025.04.23"]
[SourceVersion "1"]
[SourceVersionDate "2025.04.23"]
[SourceQuality "1"]

1. d4 d6 2. e4 Nf6 3. Nc3 g6 4. Be3 Bg7 5. Qd2 c6 6. f3 b5 7. h4 h5 8. Nh3 Nbd7 9. Ng5 Nb6 10. Bd3 e5 11. 0-0-0 exd4 12. Bxd4 b4 13. Ne2 0-0 14. b3 a5 15. Bb2 a4 16. Qxb4 axb3 17. axb3 Ra2 18. Qe1 Rxb2 19. Kxb2 Nxe4+ 20. c3 Nxg5 21. hxg5 Qxg5 22. Qf2 c5 23. Qh4 Qe5 24. Qe4 Qf6 25. Qc6 d5 26. Qxc5 Bd7 27. Nd4 Rc8 28. Qa5 Ra8 29. Qc5 Bf8 30. Qc7 Bd6 31. Qb7 Rb8 32. Qa7 Ra8 33. Qb7 Be5 34. Ra1 Rb8 35. Qa7 Rc8 36. Ra6 Bxd4 37. cxd4 Qxd4+ 38. Ka2 Qxd3 39. Qxb6 Qd2+ 40. Ka3 Rc2 41. Ra1 Rc8 42. Qb7 Be6 43. Ra8 Qc3 44. Rb1 Qc5+ 45. Ka2 d4 46. Rxc8+ Bxc8 47. Qa8 d3 48. Qa3 Qg5 49. Qd6 Qd2+ 50. Ka3 Qa5+ 51. Kb2 Qd2+ 52. Ka3 Be6 53. Qd4 Qa5+ 54. Kb2 Qd2+ 55. Ka3 Qxg2 56. Qxd3 Bf5 57. Qd8+ Kh7 58. Re1 Qxf3 59. Re8 Qc3 60. Qd6 Be6 61. Rb8 h4 62. Qd8 Qc5+ 63. Ka4 g5 64. Rb5 Qa7+ 65. Kb4 Qe3 66. Qxg5 Qxg5 67. Rxg5 Kh6 68. Rg8 h3 69. Kc3 Kh5 70. Kd4 Bxb3 71. Ke3 Be6 1/2-1/2

[Event "Bundesliga 2425"]
[Site "Germany"]
[Date "2025.03.24"]
[Round "12.8"]
[White "Ivic, Velimir"]
[Black "Keymer, Vincent"]
[Result "1/2-1/2"]
[WhiteElo "2599"]
[BlackElo "2730"]
[PlyCount "71"]
[EventDate "2024.09.28"]
[EventType "team-tourn"]
[EventRounds "15"]
[EventCountry "GER"]
[SourceTitle "CB13_2025"]
[SourceDate "2025.03.26"]
[SourceVersion "1"]
[SourceVersionDate "2025.03.26"]
[SourceQuality "1"]
[WhiteTeam "Werder Bremen"]
[BlackTeam "Baden-Baden"]
[WhiteTeamCountry "GER"]
[BlackTeamCountry "GER"]

1. e4 e5 2. Nf3 Nc6 3. Bb5 a6 4. Ba4 Nf6 5. 0-0 Be7 6. d3 b5 7. Bb3 d6 8. a3 0-0 9. Nc3 h6 10. h3 Be6 11. Nd5 Re8 12. Be3 Bf8 13. Rc1 Rc8 14. Re1 Nd7 15. Ba2 Ne7 16. c4 Ng6 17. d4 Nf6 18. cxb5 Bxd5 19. exd5 axb5 20. dxe5 dxe5 21. Qb3 Qd7 22. Rcd1 b4 23. axb4 Rb8 24. Qc2 e4 25. Nd4 Bxb4 26. Rf1 Bd6 27. Bb3 Ra8 28. Bc4 Nh4 29. Qe2 Rab8 30. Kh1 Nf5 31. Nc6 Rb7 32. b3 Nh4 33. Nd4 Qe7 34. Nc6 Qd7 35. Nd4 Qe7 36. Nc6 1/2-1/2

[Event "Delft OGD Rapid op 24th"]
[Site "Delft"]
[Date "2025.03.15"]
[Round "4"]
[White "Warmerdam, Max"]
[Black "Ivic, Velimir"]
[Result "0-1"]
[WhiteElo "2630"]
[BlackElo "2622"]
[PlyCount "92"]
[EventDate "2025.03.15"]
[EventType "swiss (rapid)"]
[EventRounds "7"]
[EventCountry "NED"]
[SourceTitle "CB12_2025"]
[SourceDate "2025.03.19"]
[SourceVersion "1"]
[SourceVersionDate "2025.03.19"]
[SourceQuality "1"]

1. c4 e5 2. d3 Nf6 3. Nf3 Nc6 4. a3 g6 5. g3 Bg7 6. Bg2 0-0 7. 0-0 d5 8. cxd5 Nxd5 9. Nc3 Nxc3 10. bxc3 Rb8 11. Nd2 Na5 12. a4 b6 13. Nb3 Bb7 14. Nxa5 Bxg2 15. Kxg2 Qd5+ 16. f3 Qxa5 17. Bd2 Qd5 18. Rb1 f5 19. Qb3 Rbd8 20. a5 Rfe8 21. Be3 Re6 22. axb6 Qxb3 23. Rxb3 axb6 24. Ra1 Rc6 25. Ra7 Bf8 26. Kf2 h6 27. f4 Bg7 28. fxe5 Bxe5 29. c4 g5 30. Rb5 Re8 31. c5 f4 32. gxf4 gxf4 33. Bd2 bxc5 34. Kf3 c4 35. Raa5 c3 36. Bc1 Rce6 37. Rb4 Bd6 38. Re4 Rxe4 39. dxe4 Rb8 40. Bxf4 c2 41. e5 Rf8 42. Ra1 Ba3 43. Ke4 Rxf4+ 44. Kxf4 c1Q+ 45. Rxc1 Bxc1+ 46. Kf5 Kf7 0-1

[Event "Bundesliga 2425"]
[Site "Germany"]
[Date "2025.02.23"]
[Round "10.1"]
[White "Ivic, Velimir"]
[Black "Fridman, Daniel"]
[Result "1-0"]
[WhiteElo "2599"]
[BlackElo "2577"]
[PlyCount "115"]
[EventDate "2024.09.28"]
[EventType "team-tourn"]
[EventRounds "15"]
[EventCountry "GER"]
[SourceTitle "CB09_2025"]
[SourceDate "2025.02.27"]
[SourceVersion "1"]
[SourceVersionDate "2025.02.27"]
[SourceQuality "1"]
[WhiteTeam "Werder Bremen"]
[BlackTeam "Muelheim Nord"]
[WhiteTeamCountry "GER"]
[BlackTeamCountry "GER"]

1. e4 e6 2. d4 d5 3. Nc3 Nf6 4. e5 Nfd7 5. f4 c5 6. Nf3 Nc6 7. Be3 cxd4 8. Nxd4 Qb6 9. Qd2 Qxb2 10. Rb1 Qa3 11. Bb5 Nxd4 12. Bxd4 a6 13. Bxd7+ Bxd7 14. Rxb7 Qa5 15. 0-0 Bc5 16. Kh1 Bc6 17. Rbb1 0-0 18. f5 exf5 19. Rxf5 Bd7 20. Rg5 Be6 21. Bxc5 Qxc5 22. Ne2 Qf2 23. Rg3 Rab8 24. Rg1 Qf5 25. Nd4 Qe4 26. Qg5 g6 27. Qd2 Rb2 28. Re1 Qh4 29. Qf2 Qh6 30. Rf3 Rfb8 31. Rb3 Bd7 32. h3 Qf8 33. Qf4 Rb6 34. Rf1 Qe7 35. Kh2 R2xb3 36. axb3 a5 37. Rf3 a4 38. bxa4 Bxa4 39. Rc3 Bd7 40. Rc7 Qd8 41. Ra7 Be8 42. h4 h5 43. Kg3 Qb8 44. Ra5 Qd8 45. Ra3 Rb4 46. c3 Rc4 47. Kh2 Bd7 48. Qf6 Qc8 49. e6 Be8 50. Ra1 Rxc3 51. Rf1 Qc7+ 52. Rf4 Rc4 53. g3 Rc1 54. Rf2 Rb1 55. Rc2 Qb8 56. Nc6 Bxc6 57. exf7+ Kf8 58. Rf2 1-0

[Event "Chessable Masters Play In"]
[Site "Chess.com INT"]
[Date "2025.02.17"]
[Round "6"]
[White "Mendonca, Leon Luke"]
[Black "Ivic, Velimir"]
[Result "0-1"]
[WhiteElo "2641"]
[BlackElo "2622"]
[PlyCount "64"]
[EventDate "2025.02.17"]
[EventType "swiss (blitz)"]
[EventRounds "9"]
[EventCountry "USA"]
[SourceTitle "CB08_2025"]
[SourceDate "2025.02.19"]
[SourceVersion "1"]
[SourceVersionDate "2025.02.19"]
[SourceQuality "1"]

1. Nf3 d5 2. e3 Nf6 3. c4 e6 4. d4 b6 5. b3 Bb7 6. Bd3 Bd6 7. 0-0 Qe7 8. Bb2 0-0 9. Nbd2 Nbd7 10. Qc2 c5 11. cxd5 exd5 12. Rac1 Rac8 13. Qb1 Rfe8 14. Rfd1 Ne4 15. Nf1 Ndf6 16. dxc5 bxc5 17. Bxe4 Nxe4 18. Ng3 Bxg3 19. hxg3 Nxf2 20. Re1 Ne4 21. Qc2 Nxg3 22. Qf2 Ne4 23. Qe2 f6 24. Rc2 Qf7 25. Nd2 d4 26. Nxe4 Rxe4 27. Qf2 Rce8 28. Rxc5 dxe3 29. Qg3 Qe6 30. Re2 Rg4 31. Qc7 Bxg2 32. Rxg2 e2 0-1

[Event "Titled Tuesday intern op 04th Feb Early"]
[Site "Chess.com INT"]
[Date "2025.02.04"]
[Round "8"]
[White "Bodnaruk, Anastasia"]
[Black "Ivic, Velimir"]
[Result "0-1"]
[WhiteElo "2334"]
[BlackElo "2622"]
[PlyCount "90"]
[EventDate "2025.02.04"]
[EventType "swiss (blitz)"]
[EventRounds "11"]
[EventCountry "USA"]
[SourceTitle "CB07_2025"]
[SourceDate "2025.02.12"]
[SourceVersion "1"]
[SourceVersionDate "2025.02.12"]
[SourceQuality "1"]

1. e4 Nf6 2. e5 Nd5 3. d4 d6 4. c4 Nb6 5. Nf3 g6 6. exd6 cxd6 7. Be2 Bg7 8. 0-0 0-0 9. h3 Nc6 10. Nc3 e5 11. d5 Nb8 12. a4 a5 13. Nb5 Na6 14. Ra3 Nc5 15. Be3 e4 16. Nfd4 Re8 17. Bf4 Be5 18. Bxe5 Rxe5 19. f4 exf3 20. Raxf3 f5 21. b3 Qe7 22. Qd2 Bd7 23. Bd1 Bxb5 24. Nxb5 Ne4 25. Qh6 Nd7 26. Nc7 Rc8 27. Ne6 Ndc5 28. Nxc5 Nxc5 29. g4 Rf8 30. gxf5 Rfxf5 31. Rxf5 gxf5 32. Bc2 Qg7+ 33. Qxg7+ Kxg7 34. Bxf5 Nxb3 35. Be6 Nc5 36. Rf7+ Kg6 37. Rc7 Nxa4 38. Rxb7 Nc5 39. Ra7 a4 40. Kg2 Re4 41. Ra8 Rxc4 42. Rg8+ Kf6 43. Rf8+ Ke5 44. Rf7 a3 45. Ra7 Ra4 0-1

[Event "Titled Tuesday intern op 04th Feb Early"]
[Site "Chess.com INT"]
[Date "2025.02.04"]
[Round "4"]
[White "Casiguran, Phil Martin"]
[Black "Ivic, Velimir"]
[Result "0-1"]
[WhiteElo "2116"]
[BlackElo "2622"]
[PlyCount "118"]
[EventDate "2025.02.04"]
[EventType "swiss (blitz)"]
[EventRounds "11"]
[EventCountry "USA"]
[SourceTitle "CB07_2025"]
[SourceDate "2025.02.12"]
[SourceVersion "1"]
[SourceVersionDate "2025.02.12"]
[SourceQuality "1"]

1. e4 c5 2. Nf3 Nc6 3. Bb5 g6 4. Bxc6 bxc6 5. c3 Bg7 6. 0-0 d6 7. d4 cxd4 8. cxd4 Nf6 9. Nc3 0-0 10. Re1 Bg4 11. h3 Bxf3 12. Qxf3 Nd7 13. Be3 Rb8 14. Rab1 Qa5 15. Red1 Rfe8 16. Qg4 Rb7 17. Qg5 Qa6 18. Rd2 Bf6 19. Qg4 Reb8 20. b3 Bg7 21. Qd1 Rb4 22. Qe2 Qxe2 23. Nxe2 c5 24. Rc1 cxd4 25. Nxd4 Bxd4 26. Bxd4 a5 27. Rc7 R4b7 28. Rdc2 f5 29. exf5 gxf5 30. Ba7 Rxc7 31. Rxc7 Rd8 32. Be3 Kf7 33. Ra7 Nb8 34. Rxa5 e5 35. Bb6 Rc8 36. Ra7+ Ke6 37. Rxh7 Nd7 38. Ba5 f4 39. Rh6+ Nf6 40. Bb4 Rc6 41. g4 fxg3 42. fxg3 Kf7 43. a4 d5 44. a5 d4 45. Kf2 Ne4+ 46. Kf3 Ng5+ 47. Kg4 Rxh6 48. Kxg5 Rf6 49. Bc5 d3 50. Be3 e4 51. h4 Rd6 52. Bd2 Rc6 53. b4 Rc2 54. Be3 Re2 55. Kf4 d2 56. Bxd2 Rxd2 57. Kxe4 Rb2 58. Kf5 Rxb4 59. g4 Rb5+ 0-1

[Event "Titled Tuesday intern op 04th Feb Early"]
[Site "Chess.com INT"]
[Date "2025.02.04"]
[Round "3"]
[White "Ivic, Velimir"]
[Black "Aaditya, Dhingra"]
[Result "1-0"]
[WhiteElo "2622"]
[BlackElo "2421"]
[PlyCount "41"]
[EventDate "2025.02.04"]
[EventType "swiss (blitz)"]
[EventRounds "11"]
[EventCountry "USA"]
[SourceTitle "CB07_2025"]
[SourceDate "2025.02.12"]
[SourceVersion "1"]
[SourceVersionDate "2025.02.12"]
[SourceQuality "1"]

1. e4 g6 2. d4 Nf6 3. e5 Nh5 4. Bc4 d5 5. exd6 cxd6 6. Nc3 Bg7 7. Nf3 0-0 8. 0-0 Nf6 9. h3 d5 10. Be2 Nc6 11. Bf4 Ne4 12. Nb5 Bf5 13. c3 a6 14. Na3 Rc8 15. Nc2 Bd7 16. Ne3 e6 17. Nd2 f5 18. Nxe4 dxe4 19. d5 Ne5 20. Qb3 exd5 21. Bxe5 1-0

[Event "Titled Tuesday intern op 04th Feb Early"]
[Site "Chess.com INT"]
[Date "2025.02.04"]
[Round "5"]
[White "Ivic, Velimir"]
[Black "Andreikin, Dmitry"]
[Result "1-0"]
[WhiteElo "2622"]
[BlackElo "2695"]
[PlyCount "53"]
[EventDate "2025.02.04"]
[EventType "swiss (blitz)"]
[EventRounds "11"]
[EventCountry "USA"]
[SourceTitle "CB07_2025"]
[SourceDate "2025.02.12"]
[SourceVersion "1"]
[SourceVersionDate "2025.02.12"]
[SourceQuality "1"]

1. e4 c5 2. Nf3 Nc6 3. Bb5 Nf6 4. Nc3 g6 5. e5 Ng4 6. Bxc6 dxc6 7. 0-0 Bg7 8. Re1 Nh6 9. d3 0-0 10. Ne4 b6 11. a4 Nf5 12. a5 Bd7 13. b3 Nd4 14. Nxd4 cxd4 15. Bf4 c5 16. Qd2 Bc6 17. Bh6 Qd5 18. Bxg7 Kxg7 19. Qf4 f5 20. exf6+ exf6 21. Qc7+ Rf7 22. Qd6 Re8 23. Qxd5 Bxd5 24. axb6 axb6 25. Nd6 Rxe1+ 26. Rxe1 Rc7 27. Ne8+ 1-0

[Event "Titled Tuesday intern op 04th Feb Early"]
[Site "Chess.com INT"]
[Date "2025.02.04"]
[Round "7"]
[White "Novozhilov, Semen"]
[Black "Ivic, Velimir"]
[Result "1-0"]
[WhiteElo "2344"]
[BlackElo "2622"]
[PlyCount "131"]
[EventDate "2025.02.04"]
[EventType "swiss (blitz)"]
[EventRounds "11"]
[EventCountry "USA"]
[SourceTitle "CB07_2025"]
[SourceDate "2025.02.12"]
[SourceVersion "1"]
[SourceVersionDate "2025.02.12"]
[SourceQuality "1"]

1. d4 Nf6 2. c4 g6 3. Nc3 Bg7 4. e4 d6 5. Be2 0-0 6. Be3 c5 7. d5 e6 8. Nf3 exd5 9. cxd5 b5 10. Bxb5 Nxe4 11. Nxe4 Qa5+ 12. Nc3 Bxc3+ 13. bxc3 Qxb5 14. Qb3 Ba6 15. Qxb5 Bxb5 16. 0-0-0 Be2 17. Rd2 Bxf3 18. gxf3 Nd7 19. Bf4 Ne5 20. Bxe5 dxe5 21. Kc2 Rab8 22. Re1 f6 23. Re4 a5 24. Ra4 Rb5 25. c4 Rb4 26. Rxb4 axb4 27. d6 Kf7 28. Rd5 Ke6 29. Kb3 Ra8 30. d7 Rd8 31. Rxc5 Rxd7 32. Kxb4 Rd2 33. a4 Rxf2 34. a5 Ra2 35. Kb5 f5 36. a6 e4 37. fxe4 fxe4 38. Rc8 Kd7 39. Rh8 e3 40. Rxh7+ Kd6 41. c5+ Kd5 42. Rd7+ Ke4 43. c6 e2 44. Re7+ Kd5 45. c7 Rb2+ 46. Ka5 Rc2 47. Kb6 Kd6 48. Rxe2 Rc6+ 49. Kb5 Rc5+ 50. Kb4 Rxc7 51. Rd2+ Kc6 52. Rc2+ Kb6 53. Rxc7 Kxc7 54. Kc5 g5 55. h3 Kb8 56. Kd5 Ka7 57. Ke5 Kxa6 58. Kf5 Kb7 59. Kxg5 Kc8 60. Kg6 Kd8 61. Kg7 Ke8 62. h4 Ke7 63. h5 Ke6 64. h6 Kf5 65. h7 Kg5 66. h8Q 1-0

[Event "Titled Tuesday intern op 14th Jan Early"]
[Site "Chess.com INT"]
[Date "2025.01.14"]
[Round "5"]
[White "Ivic, Velimir"]
[Black "Agibileg, Uurtsaikh"]
[Result "1-0"]
[WhiteElo "2620"]
[BlackElo "2392"]
[PlyCount "83"]
[EventDate "2025.01.14"]
[EventType "swiss (blitz)"]
[EventRounds "11"]
[EventCountry "USA"]
[SourceTitle "CB04_2025"]
[SourceDate "2025.01.22"]
[SourceVersion "1"]
[SourceVersionDate "2025.01.22"]
[SourceQuality "1"]

1. e4 c5 2. Nf3 e6 3. d3 Nc6 4. g3 g6 5. Bg5 Qb6 6. Nbd2 Bg7 7. Nc4 Qc7 8. Bf4 e5 9. Bd2 Nge7 10. h4 d5 11. exd5 Nxd5 12. h5 b5 13. Ne3 Nxe3 14. Bxe3 Nd4 15. Bg2 Bb7 16. c3 Nxf3+ 17. Bxf3 0-0 18. hxg6 hxg6 19. Rh4 Rfe8 20. Be4 c4 21. Qf3 Bxe4 22. dxe4 Rad8 23. Kf1 Rd3 24. Kg2 Qc6 25. a4 bxa4 26. Rah1 Rb8 27. Qe2 a3 28. bxa3 Rxc3 29. Bh6 Bf6 30. Bg5 Bg7 31. Bh6 Bf6 32. Bg5 Bg7 33. Rh7 Rxa3 34. R1h4 f5 35. Qd2 Rd3 36. Qa5 fxe4 37. Rxg7+ Kxg7 38. Qxe5+ Kg8 39. Rh8+ Kf7 40. Rh7+ Kf8 41. Qe7+ Kg8 42. Qf7# 1-0

[Event "Titled Tuesday intern op 14th Jan Early"]
[Site "Chess.com INT"]
[Date "2025.01.14"]
[Round "8"]
[White "Ivic, Velimir"]
[Black "Carcamo, Matias"]
[Result "1-0"]
[WhiteElo "2620"]
[BlackElo "2084"]
[PlyCount "57"]
[EventDate "2025.01.14"]
[EventType "swiss (blitz)"]
[EventRounds "11"]
[EventCountry "USA"]
[SourceTitle "CB04_2025"]
[SourceDate "2025.01.22"]
[SourceVersion "1"]
[SourceVersionDate "2025.01.22"]
[SourceQuality "1"]

1. e4 c6 2. d4 d5 3. e5 c5 4. Nf3 Nc6 5. dxc5 Bg4 6. c3 e6 7. Be3 Bxf3 8. Qxf3 Nxe5 9. Bb5+ Nd7 10. Nd2 Ngf6 11. b4 Rc8 12. 0-0 Be7 13. Rad1 0-0 14. c4 b6 15. cxd5 Nxd5 16. cxb6 axb6 17. Ne4 Ne5 18. Qh5 Nc4 19. Bd4 f5 20. Nc3 Nxc3 21. Bxc3 Nd6 22. Be5 Nxb5 23. Rxd8 Rfxd8 24. Qe2 Rd5 25. Bxg7 Kf7 26. Bb2 Nc3 27. Qh5+ Kg8 28. Bxc3 Rxc3 29. Qe8+ 1-0

[Event "Titled Tuesday intern op 14th Jan Early"]
[Site "Chess.com INT"]
[Date "2025.01.14"]
[Round "2"]
[White "Ivic, Velimir"]
[Black "Golding, Alex"]
[Result "1/2-1/2"]
[WhiteElo "2620"]
[BlackElo "2381"]
[PlyCount "62"]
[EventDate "2025.01.14"]
[EventType "swiss (blitz)"]
[EventRounds "11"]
[EventCountry "USA"]
[SourceTitle "CB04_2025"]
[SourceDate "2025.01.22"]
[SourceVersion "1"]
[SourceVersionDate "2025.01.22"]
[SourceQuality "1"]

1. e4 c5 2. Nf3 e6 3. d3 Nc6 4. g3 g6 5. Bg5 Be7 6. h4 h6 7. Bd2 Bf6 8. Nc3 d6 9. Bg2 h5 10. Ng5 Nh6 11. 0-0 Ng4 12. f3 Bd4+ 13. Kh1 Nf2+ 14. Rxf2 Bxf2 15. Ne2 Bd4 16. Nxd4 cxd4 17. c3 e5 18. Qb3 Qe7 19. f4 Be6 20. Nxe6 fxe6 21. Bh3 exf4 22. Bxf4 0-0 23. Bxe6+ Kh7 24. Bd5 Rxf4 25. gxf4 Qxh4+ 26. Kg2 Qg4+ 27. Kh1 Qh3+ 28. Kg1 Qg3+ 29. Kh1 Qh3+ 30. Kg1 Qg3+ 31. Kh1 Qh3+ 1/2-1/2